| 000 | 01204nam a2200373Ii 4500 | ||
|---|---|---|---|
| 001 | DIGSLX2015 | ||
| 003 | NyNyDIG | ||
| 006 | m o d | ||
| 007 | cr ||||||||||| | ||
| 008 | 100625s2009 sp ob 000 0 spa d | ||
| 020 | _z9788477372134 | ||
| 020 | _z8477372136 | ||
| 035 | _a(OCoLC)888278602 | ||
| 040 |
_aDGITA _beng _epn _cDGITA |
||
| 043 | _ae-sp--- | ||
| 050 | 1 | 4 | _aHG6225 eBook |
| 245 | 0 | 0 |
_aFortuna y virtud : _bhistoria de las loterías públicas en España / _cRoberto Garvía (ed.). |
| 264 | 1 |
_aMadrid : _bSílex, _cc2009. |
|
| 300 | _a1 online resource (221 pages) | ||
| 336 |
_atext _btxt _2rdacontent |
||
| 337 |
_acomputer _bc _2rdamedia |
||
| 338 |
_aonline resource _bcr _2rdacarrier |
||
| 490 | 1 | _aSílex universidad. | |
| 504 | _aIncludes bibliographical references. | ||
| 650 | 0 |
_aLotteries _zSpain _xHistory. |
|
| 655 | 0 | _aElectronic books. | |
| 700 | 1 | _aGarvía Soto, Roberto. | |
| 791 | 2 |
_aDigitalia (Firm), _edistributor. |
|
| 830 | 0 | _aSílex universidad. | |
| 793 | 0 |
_gDigitalia eBook Collection: _aSílex. |
|
| 856 | 4 | 0 |
_3Digitalia Hispánica _uhttps://www.digitaliapublishing.com/a/1387/ |
| 910 | _aPremium Collection: 2007-2012 | ||
| 942 | _cRAA | ||
| 999 |
_c230197 _d230197 |
||